La marcha de la alianza para el progreso 1963-1964
Guardado en:
| Autor Corporativo: | |
|---|---|
| Formato: | Texto |
| Publicado: |
Washigton D.C:
Unión Panamericana
|
| Etiquetas: |
Agregar Etiqueta
Sin Etiquetas, Sea el primero en etiquetar este registro!
|
MARC
| LEADER | 00000 a a2200000 04500 | ||
|---|---|---|---|
| 001 | 24571 | ||
| 003 | |||
| 040 | |a CRAI/IIS |c CRAI/IIS | ||
| 090 | |a 172300 | ||
| 110 | |a Consejo Interamericano Económico y Social | ||
| 245 | |a La marcha de la alianza para el progreso 1963-1964 | ||
| 260 | |a Washigton D.C: |b Unión Panamericana | ||
| 300 | |a 306 p. | ||
| 999 | |c 2290 |d 2290 | ||
